000 00505nam a2200193 a 4500
001 5831
003 CO-ViMGA
008 141112s2004 ck r 000 u spa d
040 _aCO-ViMGA
_bspa
_cCO-ViMGA
082 0 4 _a927.8 D181
100 1 _aDavalillo, M
_94369
245 1 0 _aMúsicos celebres :
_b99 biografías cortas
250 _a10a
260 _aBarcelona :
_bJuventud,
_c1986
300 _a240 p : il
490 _aGrandes biografías
650 1 4 _aMUSICOS - BIOGRAFIAS
_94370
942 _2ddc
_cBK
999 _c17809
_d17809